Best LA Laker Players - Statistics

General Stats
  • This quiz has been taken 55 times
  • The average score is 8 of 14
Answer Stats
# Player % Correct
24 Kobe Bryant
98%
34 Shaquille Oneal
96%
32 Magic Johnson
91%
33 Kareem Abdul-Jabbar
87%
44 Jerry West
76%
13 Wilt Chamberlain
65%
42 James Worthy
63%
22 Elgin Baylor
46%
99 George Mikan
39%
4 Byron Scott
30%
21 Michael Cooper
30%
52 Jamaal Wilkes
24%
45 A.C. Green
20%
52 Happy Hairston
4%
No matching quizzes found
Score Distribution
Percent of People with Each Score
Percentile by Number Answered
Your Score History
You have not taken this quiz